| 000 | 01319naa a22003257a 4500 | ||
|---|---|---|---|
| 001 | BR8301203 | ||
| 003 | BR-BrBNA | ||
| 005 | 20250721143223.0 | ||
| 007 | ta | ||
| 008 | 250630b bl.|||m| |||| 00| 0 por d | ||
| 040 |
_aBR-BrBNA _bpor _cBiblioteca Nacional de Agricultura |
||
| 041 | _a(Pt) | ||
| 072 |
_aK50 _b8905 |
||
| 090 | _aK50 BR8301203 | ||
| 100 | 1 | _aGuimaraes, S.T.A. | |
| 100 | 1 | _aJardim, L.S.B. | |
| 111 | 1 |
_aProducao e Utilizacao de Carvao Vegetal _cBelo Horizonte, MG (Brazil) _d18 Oct 1982 |
|
| 245 | 1 | _aAspectos economicos da producao de carvao vegetal. Transporte, manuseio, estocagem | |
| 246 | 1 | _a[Economic aspects of coal production. Transport, management, storage] | |
| 246 | 1 | _a[Production and utilization of charcoal] | |
| 500 | _aProducao e utilizacao de carvao vegetal Belo Horizonte, MG (Brasil): 1982. p. 125-140 [21 illus.; 11 tables] (BR8301203-AMS) | ||
| 773 | 0 |
_tProducao e utilizacao de carvao vegetal _wK50 BR8301203 _gBelo Horizonte, MG (Brasil), 1982. p. 125-140 |
|
| 650 | _aCARVAO VEGETAL | ||
| 650 | _aINDUSTRIA FLORESTAL | ||
| 650 | _aTRANSPORTE | ||
| 650 | _aESTOCAGEM | ||
| 490 |
_aSerie de Publicacoes Tecnicas - Fundacao Centro Tecnologico de Minas Gerais (Brazil) _vno. 8 _xISSN 0100-9540 |
||
| 942 |
_cAMS _2AGRIS |
||
| 909 |
_a202506 _bLúcia _c55 _dLúcia Elande |
||
| 999 |
_c334465 _d334465 |
||